000 00624nam a2200217 a 4500
001 62542
003 BD-RjUL
005 20211209081109.0
008 170124s1976 ii af b 001 0 eng
035 _a(BD-RjUL) 62668
040 _aBD-RjUL
_cBD-RjUL
_beng
041 _aeng
082 0 0 _a720.95414
_223
_bSAA 1976
100 1 _aSaraswati, S. K.
_q(Sarasi Kumar),
_9185938
245 1 0 _aArchitecture of Bengal /
_cS. K. Saraswati.
260 _aCalcutta :
_bG. Bharadwaj,
_cC1976
300 _axv, 174p. :
_bill. ;
_c25 cm.
500 _aIncludes index.
650 0 _aArchitecture
_zIndia
_zBengal.
_9185939
942 _2ddc
_cBK
999 _c62542
_d62542